000 00996nam a22003013a 4500
999 _c3128
_d3128
001 014746592
003 Uk
005 20231019082425.0
008 080718s2008 enk 000 0 eng d
020 _a9780435392871 (pbk.)
020 _a0435392875 (pbk.)
040 _aUK-WkNB
_beng
_cUK-WkNB
_dKH8
082 _a448.242 GRE
100 _aGreen, Rosie,
_eauthor.
245 1 0 _aExpo 3 :
_bteacher's guide : rouge /
_cRoise Green and Tracy Traynor.
250 _aNouvelle ed.
260 _aOxford :
_bHeinemann :
_c2008.
300 _a160 p. +
_e1 CD-ROM.
336 _atext
_2rdacontent
337 _aunmediated
_2rdamedia
338 _avolume
_2rdacarrier
366 _b20080725
_cIP
_f005
_jGB
_kxxk
_mHarcourt Education Ltd
_2UK-WkNB
500 _aPaperback.
520 _aThese support the Pupil Books and match all activities to Framework objectives and National Curriculum levels.
650 _aForeign language
_vTeacher's guide
700 _aTaynor, Tracy,
_eauthor.
942 _2ddc
_cTR